Most Populous World Capitals with Two Vowels - Statistics

General Stats
  • This quiz has been taken 132 times
  • The average score is 14 of 20
Answer Stats
Population Country Capital % Correct
8.63m UK London
98%
2.24m France Paris
97%
13.2m Japan Tokyo
96%
3.23m Spain Madrid
94%
11.5m Russia Moscow
92%
3.52m Germany Berlin
89%
8.48m Peru Lima
89%
2.87m Italy Rome
89%
8.15m Iran Tehran
78%
7.21m Iran Baghdad
75%
8.25m Thailand Bangkok
73%
4.88m Saudi Arabia Riyadh
72%
6.97m Bangladesh Dhaka
67%
2.85m Ukraine Kiev
63%
2.60m Jordan Amman
52%
3.14m Afghanistan Kabul
52%
2.17m Sweden Stockholm
43%
3.14m North Korea Pyongyang
41%
2.21m Uzbekistan Tashkent
38%
2.01m Cambodia Phnom Penh
34%
No matching quizzes found
Score Distribution
Percent of People with Each Score
Percentile by Number Answered
Your Score History
You have not taken this quiz